[Event "Mecklenburg VP LL 0405"]
[Site "Mecklenburg VP"]
[Date "2005.02.13"]
[Round "6.7"]
[White "Kunow, Frank"]
[Black "Bunimov, Stanislav"]
[Result "1/2-1/2"]
[WhiteElo "1899"]
[BlackElo "1627"]
[PlyCount "98"]
[EventDate "2004.10.24"]
[EventType "team"]
[EventRounds "9"]
[EventCountry "GER"]
[SourceTitle "EXT 2009"]
[Source "ChessBase"]
[SourceDate "2008.11.26"]
[SourceVersion "1"]
[SourceVersionDate "2008.11.26"]
[SourceQuality "1"]
[WhiteTeam "Neubrandenburg"]
[BlackTeam "Schwerin II"]
[WhiteTeamCountry "GER"]
[BlackTeamCountry "GER"]

1. d4 d5 2. Bg5 c6 3. Nf3 Qc7 4. e3 e6 5. c4 Be7 6. Bf4 Bd6 7. Bg3 Nd7 8. Qc2 Ngf6 9. Nc3 Bxg3 10. hxg3 h6 11. Bd3 dxc4 12. Bxc4 Nd5 13. Bxd5 cxd5 14. Rc1 Qa5 15. g4 Nf6 16. g5 Ne4 17. gxh6 gxh6 18. Nd2 Nxc3 19. bxc3 Ke7 20. c4 Bd7 21. c5 Rac8 22. f3 Rcg8 23. Kf2 Rg6 24. Rh2 Rhg8 25. f4 Qa3 26. Rb1 Bc6 27. Qb3 Qa5 28. Rb2 Qc7 29. Nf3 f6 30. Qa3 a6 31. Qb4 Kd7 32. Ne1 e5 33. dxe5 fxe5 34. Nd3 exf4 35. exf4 Kc8 36. Ne5 Rf6 37. Kg1 Rgf8 38. Rh4 Re8 39. Qc3 Ref8 40. Rb6 Qe7 41. Nxc6 Rxc6 42. Rxc6+ bxc6 43. Rxh6 Qc7 44. Qh3+ Kb8 45. Rh7 Rf7 46. Rh8+ Ka7 47. f5 Qe5 48. Rh7 Qe1+ 49. Kh2 Qe5+ 1/2-1/2

[Event "Mecklenburg VP LL 0304"]
[Site "Mecklenburg VP"]
[Date "2004.03.28"]
[Round "8.7"]
[White "Rosin, Ralf"]
[Black "Bunimov, Stanislav"]
[Result "1-0"]
[WhiteElo "1688"]
[BlackElo "1648"]
[PlyCount "83"]
[EventDate "2003.09.28"]
[EventType "team-tourn"]
[EventRounds "9"]
[EventCountry "GER"]
[SourceTitle "EXT 2005"]
[Source "ChessBase"]
[SourceDate "2004.11.15"]
[SourceVersion "1"]
[SourceVersionDate "2004.11.15"]
[SourceQuality "1"]
[WhiteTeam "Pasewalk"]
[BlackTeam "Schwerin SF II"]
[WhiteTeamCountry "GER"]
[BlackTeamCountry "GER"]

1. d4 Nf6 2. c4 e5 3. dxe5 Ng4 4. Nf3 Nc6 5. e3 Bb4+ 6. Bd2 Bxd2+ 7. Qxd2 Ngxe5 8. Nxe5 Nxe5 9. Be2 d6 10. Nc3 0-0 11. 0-0 b6 12. Rad1 Bb7 13. Nd5 f5 14. f3 Nd7 15. Rde1 Nf6 16. Bd1 c6 17. Nc3 Qc7 18. Bc2 g6 19. e4 fxe4 20. Nxe4 Nxe4 21. Rxe4 Rfe8 22. Rfe1 Rxe4 23. Rxe4 Rd8 24. Qg5 d5 25. Re7 Rd7 26. Re6 Rg7 27. Qf6 Qd7 28. Rd6 Rf7 29. Rxd7 Rxf6 30. Rxb7 dxc4 31. Rxa7 Rd6 32. Be4 Rd1+ 33. Kf2 Rd2+ 34. Kg3 Rxb2 35. Bxc6 b5 36. Bd5+ Kh8 37. Ra8+ Kg7 38. Ra7+ Kh6 39. Ra6 c3 40. Rc6 b4 41. Bb3 Kg5 42. Rc4 1-0

[Event "Mecklenburg VP LL 0304"]
[Site "Mecklenburg VP"]
[Date "2004.03.07"]
[Round "7.8"]
[White "Pawlick, Helmut"]
[Black "Bunimov, Stanislav"]
[Result "1-0"]
[WhiteElo "1889"]
[BlackElo "1648"]
[PlyCount "107"]
[EventDate "2003.09.28"]
[EventType "team-tourn"]
[EventRounds "9"]
[EventCountry "GER"]
[SourceTitle "EXT 2022"]
[Source "ChessBase"]
[SourceDate "2021.10.06"]
[SourceVersion "1"]
[SourceVersionDate "2021.10.06"]
[SourceQuality "1"]
[WhiteTeam "Stralsund"]
[BlackTeam "Schwerin SF II"]
[WhiteTeamCountry "GER"]
[BlackTeamCountry "GER"]

1. e4 d5 2. exd5 Qxd5 3. Nc3 Qa5 4. d4 c6 5. Bc4 Bf5 6. Nf3 Nf6 7. Bd2 e6 8. Bb3 Qc7 9. Qe2 Bd6 10. 0-0-0 Nbd7 11. d5 cxd5 12. Nb5 Qb8 13. Nfd4 0-0 14. Nxf5 exf5 15. Bc3 Be5 16. Bb4 Re8 17. Qf3 Nb6 18. Qxf5 a5 19. Bc5 a4 20. Bxb6 axb3 21. a3 Bf4+ 22. Kb1 bxc2+ 23. Qxc2 Rc8 24. Qd3 Ra6 25. Bd4 Rd8 26. Qf5 Re6 27. g3 Be5 28. Rhe1 Rde8 29. Bxe5 Rxe5 30. Rxe5 Qxe5 31. Qc2 Qe2 32. Nc3 Qe5 33. f4 Qe6 34. Qb3 Qf5+ 35. Ka2 h6 36. Nxd5 Nxd5 37. Rxd5 Qc8 38. Rb5 Re7 39. a4 Qc6 40. Qc3 Qe6+ 41. Qb3 Qa6 42. Rb6 Qa5 43. Qb5 Qxb5 44. Rxb5 Kf8 45. a5 Ke8 46. Re5 Rxe5 47. fxe5 Kd7 48. b4 Ke6 49. b5 Kd5 50. Kb3 Kc5 51. Ka4 g6 52. g4 h5 53. gxh5 gxh5 54. h4 1-0

[Event "Mecklenburg VP-ch U18"]
[Site "Greifswald"]
[Date "2003.02.14"]
[Round "3"]
[White "Bunimov, Stanislav"]
[Black "Onasch, Paul"]
[Result "1/2-1/2"]
[WhiteElo "1484"]
[BlackElo "1638"]
[PlyCount "34"]
[EventDate "2003.02.??"]
[EventType "swiss"]
[EventRounds "7"]
[EventCountry "GER"]
[SourceTitle "EXT 2005"]
[Source "ChessBase"]
[SourceDate "2004.11.15"]
[SourceVersion "1"]
[SourceVersionDate "2004.11.15"]
[SourceQuality "1"]

1. d4 Nf6 2. Nf3 e6 3. e3 d5 4. Bd3 Be7 5. Nbd2 0-0 6. c3 Nbd7 7. e4 dxe4 8. Nxe4 Nxe4 9. Bxe4 Nf6 10. Bc2 b6 11. Bg5 Bb7 12. Bxf6 Bxf6 13. Qd3 g6 14. 0-0-0 Bxf3 15. Qxf3 Bg5+ 16. Kb1 Qf6 17. Qxf6 Bxf6 1/2-1/2